| 000 | 00503nam a22001817a 4500 | ||
|---|---|---|---|
| 999 |
_c3974 _d3974 |
||
| 003 | GBCCL | ||
| 005 | 20241126110508.0 | ||
| 008 | 171219b xxu||||| |||| 00| 0 eng d | ||
| 020 | _a9964877943 | ||
| 040 | _cgbc | ||
| 082 |
_a228.07 _bOSE |
||
| 100 |
_aOsei-Mensah, Gottfried _97021 |
||
| 245 |
_aGod's message to the Churches: _cGottfried Osei- Mensah |
||
| 260 |
_bAfrica Christian Press, _aGhana: _c1985 |
||
| 300 |
_a87 p.; _c18 cm. |
||
| 650 |
_aBible _vRevelation _xStudy _98210 |
||
| 942 |
_2ddc _cBK _06 |
||